LEADER 02611oam 2200709 450 001 9910707758503321 005 20170414135940.0 035 $a(CKB)5470000002466963 035 $a(OCoLC)962078798 035 $a(EXLCZ)995470000002466963 100 $a20161104d2016 ua 0 101 0 $aeng 135 $aurbn||||a|||| 181 $ctxt$2rdacontent 182 $cc$2rdamedia 183 $acr$2rdacarrier 200 14$aThe future of Iranian terror and its threat to the U.S. homeland $ehearing before the Subcommittee on Counterterrorism and Intelligence of the Committee on Homeland Security, House of Representatives, One Hundred Fourteenth Congress, second session, February 11, 2016 210 1$aWashington :$cU.S. Government Publishing Office,$d2016. 215 $a1 online resource (iii, 49 pages) 300 $aPaper version available for sale by the Superintendent of Documents, United States Government Publishing Office. 300 $a"Serial no. 114-53." 320 $aIncludes bibliographical references. 517 $aFuture of Iranian terror and its threat to the U.S. homeland 606 $aState-sponsored terrorism$zIran 606 $aNuclear weapons$zIran 606 $aNuclear nonproliferation$zIran 606 $aEconomic sanctions, American$zIran 606 $aTerrorism$zUnited States$xPrevention 606 $aDiplomatic relations$2fast 606 $aEconomic sanctions, American$2fast 606 $aNuclear nonproliferation$2fast 606 $aNuclear weapons$2fast 606 $aState-sponsored terrorism$2fast 606 $aTerrorism$xPrevention$2fast 607 $aUnited States$xForeign relations$zIran 607 $aIran$xForeign relations$zUnited States 607 $aIran$2fast 607 $aUnited States$2fast 608 $aLegislative hearings.$2lcgft 608 $aLegislative hearings.$2fast 615 0$aState-sponsored terrorism 615 0$aNuclear weapons 615 0$aNuclear nonproliferation 615 0$aEconomic sanctions, American 615 0$aTerrorism$xPrevention. 615 7$aDiplomatic relations. 615 7$aEconomic sanctions, American. 615 7$aNuclear nonproliferation. 615 7$aNuclear weapons. 615 7$aState-sponsored terrorism. 615 7$aTerrorism$xPrevention. 801 0$bGPO 801 1$bGPO 801 2$bGPO 801 2$bOCLCF 801 2$bCUT 801 2$bAZP 801 2$bGPO 906 $aBOOK 912 $a9910707758503321 996 $aThe future of Iranian terror and its threat to the U.S. homeland$93471429 997 $aUNINA